000 00502nam a2200181Ia 4500
005 20250508161002.0
008 008 250505s9999 xx 000 0 eng d
037 _aTextual
040 _aFEDL
_beng
_cFEDL
041 _aeng
_2eng
084 _a372.218, DES
_qFEDL
100 _aDesai K G
245 0 _aEffectiveness of kindergarten education
260 _aAllahabad, India
_bUnited Publisher
_c1976
300 _a57p.
942 _cTEXL
_h372.218, DES
999 _c1367769
_d1367769